[Event "Goch op 17th"]
[Site "Goch"]
[Date "2006.10.12"]
[Round "1"]
[White "Douteil, Dominik"]
[Black "Holderer, Erich"]
[Result "0-1"]
[WhiteElo "1779"]
[BlackElo "2202"]
[PlyCount "118"]
[EventDate "2006.10.12"]
[EventType "swiss"]
[EventRounds "7"]
[EventCountry "GER"]
[SourceTitle "EXT 2008"]
[Source "ChessBase"]
[SourceDate "2007.11.25"]
[SourceVersion "1"]
[SourceVersionDate "2007.11.25"]
[SourceQuality "1"]

1. Nf3 c5 2. g3 g6 3. Bg2 Bg7 4. 0-0 Nf6 5. d3 0-0 6. e4 d6 7. Nc3 Nc6 8. Bd2 Rb8 9. a3 b5 10. Qc1 Re8 11. Nd5 Bg4 12. Re1 Qd7 13. Bc3 e5 14. Ne3 Bh6 15. Nxg4 Nxg4 16. Bd2 Bxd2 17. Qxd2 Kg7 18. Bh3 h5 19. Nh4 Qe7 20. f3 Nh6 21. Rf1 Nd4 22. Rae1 Ne6 23. Bxe6 Qxe6 24. Qg5 c4 25. Rd1 b4 26. d4 bxa3 27. bxa3 Rb5 28. f4 Qe7 29. Qxe7 Rxe7 30. fxe5 dxe5 31. d5 Ng4 32. Rf3 Rd7 33. Rc3 Ra5 34. Nf3 f5 35. exf5 Raxd5 36. Rxd5 Rxd5 37. fxg6 e4 38. Nh4 Rd1+ 39. Kg2 Rd2+ 40. Kf1 Rxc2 41. Nf5+ Kxg6 42. Rxc2 Kxf5 43. Rc3 Ke5 44. Ke2 Kd4 45. Rc1 c3 46. h3 Ne5 47. Rc2 a5 48. Rc1 a4 49. Rc2 Kc4 50. Ke3 Kb3 51. Rc1 Kb2 52. Rh1 c2 53. Kxe4 Nf7 54. Kd3 c1Q 55. Rxc1 Kxc1 56. Kc3 Ng5 57. g4 h4 58. Kb4 Nxh3 59. Kxa4 Nf4 0-1

[Event "NRW Class2 0304"]
[Site "Germany"]
[Date "2004.03.28"]
[Round "8.8"]
[White "Weber, Rolf"]
[Black "Holderer, Erich"]
[Result "0-1"]
[WhiteElo "2139"]
[BlackElo "2203"]
[PlyCount "62"]
[EventDate "2003.09.28"]
[EventType "team-tourn"]
[EventRounds "9"]
[EventCountry "GER"]
[SourceTitle "CBM 098 Extra"]
[Source "ChessBase"]
[SourceDate "2004.03.10"]
[SourceVersion "2"]
[SourceVersionDate "2004.03.10"]
[SourceQuality "1"]
[WhiteTeam "Hagen"]
[BlackTeam "Gerresheim"]
[WhiteTeamCountry "GER"]
[BlackTeamCountry "GER"]

1. e4 e6 2. d4 b6 3. Bd3 c5 4. c3 cxd4 5. cxd4 Nf6 6. Ne2 Bb7 7. f3 Be7 8. 0-0 0-0 9. Nbc3 Nc6 10. Be3 d6 11. Rc1 Nd7 12. Bb1 Bg5 13. Qd2 Bxe3+ 14. Qxe3 Rc8 15. Rfd1 Qe7 16. a3 Ba6 17. b4 Bc4 18. d5 Nce5 19. Nd4 Nf6 20. dxe6 fxe6 21. f4 Neg4 22. Qh3 g6 23. Ndb5 Rfd8 24. Nxd6 Rxd6 25. e5 Rxd1+ 26. Rxd1 Rd8 27. Rxd8+ Qxd8 28. g3 Qd4+ 29. Kg2 Qf2+ 30. Kh1 Qe1+ 31. Kg2 Qf1# 0-1

[Event "Essen Easter op 9th"]
[Site "Essen"]
[Date "2003.04.19"]
[Round "5"]
[White "Ball, Joerg"]
[Black "Holderer, Erich"]
[Result "0-1"]
[WhiteElo "2063"]
[BlackElo "2235"]
[PlyCount "40"]
[EventDate "2003.04.16"]
[EventType "swiss"]
[EventRounds "9"]
[EventCountry "GER"]
[SourceTitle "CBM 093 Extra"]
[Source "ChessBase"]
[SourceDate "2003.05.09"]
[SourceVersion "1"]
[SourceVersionDate "2003.05.09"]
[SourceQuality "1"]

1. e4 d5 2. exd5 Qxd5 3. Nc3 Qa5 4. d4 c6 5. Bc4 Nf6 6. Bd2 Qb6 7. Bc1 Bg4 8. f3 Bf5 9. g4 Bg6 10. h4 h5 11. g5 Nfd7 12. Bb3 e6 13. Be3 Bb4 14. Qd2 Qa5 15. Nge2 Na6 16. 0-0-0 0-0-0 17. a3 Bxa3 18. Bxe6 fxe6 19. bxa3 Qxa3+ 20. Kb1 Nb4 0-1

[Event "Kleve op"]
[Site "Kleve"]
[Date "2002.05.11"]
[Round "5"]
[White "Rothkugel, Wolfgang"]
[Black "Holderer, Erich"]
[Result "0-1"]
[WhiteElo "1603"]
[BlackElo "2225"]
[PlyCount "58"]
[EventDate "2002.05.09"]
[EventType "swiss"]
[EventRounds "7"]
[EventCountry "GER"]
[SourceTitle "EXT 2008"]
[Source "ChessBase"]
[SourceDate "2007.11.25"]
[SourceVersion "1"]
[SourceVersionDate "2007.11.25"]
[SourceQuality "1"]

1. e4 c6 2. d4 d5 3. exd5 cxd5 4. c3 Nf6 5. Bd3 Nc6 6. Bg5 Ne4 7. Bxe4 dxe4 8. f3 Qa5 9. d5 exf3 10. Nxf3 Nd8 11. Qd2 f6 12. Bh4 e6 13. dxe6 Nxe6 14. b4 Qf5 15. Bg3 Qe4+ 16. Kf2 Kf7 17. Re1 Qc6 18. Kg1 a5 19. a3 Ra6 20. Ra2 Bd6 21. Bxd6 Qxd6 22. c4 Qc7 23. Rc2 Rd6 24. Qc3 axb4 25. axb4 Rhd8 26. Rd2 Nf4 27. Red1 Ne2+ 28. Rxe2 Rxd1+ 29. Re1 R8d3 0-1

[Event "Kleve op"]
[Site "Kleve"]
[Date "2002.05.10"]
[Round "3"]
[White "Verbeet, Richard"]
[Black "Holderer, Erich"]
[Result "1-0"]
[WhiteElo "1530"]
[BlackElo "2225"]
[PlyCount "113"]
[EventDate "2002.05.09"]
[EventType "swiss"]
[EventRounds "7"]
[EventCountry "GER"]
[SourceTitle "EXT 2008"]
[Source "ChessBase"]
[SourceDate "2007.11.25"]
[SourceVersion "1"]
[SourceVersionDate "2007.11.25"]
[SourceQuality "1"]

1. f4 d5 2. Nf3 c5 3. b3 Nf6 4. Bb2 Nc6 5. e3 e6 6. Bb5 Bd6 7. d3 0-0 8. Bxc6 bxc6 9. Nbd2 Qb6 10. Bxf6 gxf6 11. c4 Kh8 12. g4 e5 13. f5 Rg8 14. h3 a5 15. Rg1 a4 16. e4 Be7 17. h4 Qd8 18. Ke2 Ra7 19. Nh2 Rd7 20. Qc2 Ba6 21. Rg3 Qa5 22. Rag1 axb3 23. axb3 Qd8 24. Nhf3 Qb8 25. g5 fxg5 26. hxg5 f6 27. g6 Bf8 28. Rh3 Rgg7 29. Qd1 dxc4 30. bxc4 Qd6 31. Qc2 Rb7 32. Rgh1 Rgd7 33. Qc3 h6 34. Nh2 Bg7 35. Ng4 Kg8 36. Nxh6+ Kf8 37. Ng4 Ra7 38. Nf2 Bc8 39. Ra1 Qd4 40. Qxd4 cxd4 41. Rxa7 Rxa7 42. Rh1 Bd7 43. Ng4 c5 44. Nb3 Rc7 45. Ra1 Ke7 46. Ra5 Kd6 47. Kf3 Bc8 48. Kg3 Bb7 49. Nf2 Bf8 50. Ra1 Bc6 51. Ra6 Rc8 52. Na5 Kd7 53. Nxc6 Rxc6 54. Ra5 Rc8 55. Kg4 Bh6 56. Nh1 Ke8 57. Ra7 1-0

[Event "Kleve op"]
[Site "Kleve"]
[Date "2002.05.09"]
[Round "2"]
[White "Holderer, Erich"]
[Black "Stanetzek, Carsten"]
[Result "0-1"]
[WhiteElo "2225"]
[BlackElo "2206"]
[PlyCount "50"]
[EventDate "2002.05.09"]
[EventType "swiss"]
[EventRounds "7"]
[EventCountry "GER"]
[SourceTitle "EXT 2008"]
[Source "ChessBase"]
[SourceDate "2007.11.25"]
[SourceVersion "1"]
[SourceVersionDate "2007.11.25"]
[SourceQuality "1"]

1. e4 e5 2. Nf3 Nf6 3. Nc3 Bb4 4. d3 Nc6 5. a3 Bxc3+ 6. bxc3 d5 7. exd5 Qxd5 8. c4 Qd6 9. Nd2 Bf5 10. f3 0-0-0 11. Bb2 h5 12. Be2 Nd4 13. Ne4 Bxe4 14. fxe4 Kb8 15. Qd2 Nxe4 16. Qd1 Qb6 17. Bxd4 Qxd4 18. dxe4 Qc3+ 19. Kf2 Rxd1 20. Rhxd1 Qxc2 21. Rab1 Kc8 22. Rb5 f6 23. Rbd5 Qxe4 24. c5 c6 25. Rd7 Qf5+ 0-1